| 000 | 00686nam a2200217Ii 4500 | ||
|---|---|---|---|
| 003 | JO-AjNU | ||
| 008 | 230605s9999||||xx |||||||||||||| ||und|| | ||
| 040 |
_aJO-AjNU _bara _erda _cJO-AjNU |
||
| 041 | _aara | ||
| 050 | 1 | 4 | _aBP130.S5788.1985 |
| 100 | 3 |
_aشتيوي،محمد شلبي, _eauthor _98418 |
|
| 245 | 0 | 0 | _aالقرآن الكريم دراسة وتحليل |
| 250 | _aط1 | ||
| 264 | 3 | 1 | _aالكويت:مكتبة الفلاح ،1985 |
| 300 | _a120ص | ||
| 336 |
_atext _btxt _2rdacontent |
||
| 337 |
_aunmediated _bn _2rdamedia |
||
| 338 |
_avolume _bnc _2rdacarrier |
||
| 490 | 0 | _aمقارنة الاديان | |
| 650 | 4 |
_aالقرآن الكريم-مباحث عامة _98419 |
|
| 999 |
_aA777 _c4345 _d4345 |
||